Diccionario McGraw-Hill de ingeniería mecánica y diseño : tomo 2, N-Z : vocabulario inglés-español /

Diccionario de términos científicos de ingenierías mecánica y de diseño en dos volúmenes. Disponible en la biblioteca el volumen 2. Incluye dos partes, en la primera ofrece definiciones alfabetizadas con entradas en español, su equivalencia al inglés, el campo temático y la definición. La segunda pa...

Celý popis

Uloženo v:
Podrobná bibliografie
Další autoři: Parker, Sybil P. (dir.) Dirigent
Médium: Kniha
Jazyk:španělština
Vydáno: México : McGraw-Hill, 1991, c1991
Edice:(Diccionario McGraw-Hill de Ciencia y Tecnología)
Témata:
Tagy: Přidat tag
Žádné tagy, Buďte první, kdo vytvoří štítek k tomuto záznamu!

MARC

LEADER 00000nam^a2200000^a^4500
001 000291908
005 20250521000000.0
009 20260310112052.237
020 |a 968-422-699-3 
037 |a Acervo ITESO - Biblioteca 
041 |a ESP 
082 |a 621. 03  |b PAR V. 2 
100 |a Parker, Sybil P.  |e (dir.) 
245 1 0 |a Diccionario McGraw-Hill de ingeniería mecánica y diseño :  |b tomo 2, N-Z : vocabulario inglés-español /  |c Ed. de S.P. Parker ; tr. por José Daniel Sánchez Navarro, María del Carmen Canales Selva. 
264 4 |a México :  |b McGraw-Hill,  |c 1991, c1991 
300 |a IX, p. 168-370 
336 |a texto  |b txt  |2 rdacontenido 
337 |a sin mediación  |b n  |2 rdamedio 
338 |a volumen  |b nc  |2 rdasoporte 
440 1 |a (Diccionario McGraw-Hill de Ciencia y Tecnología) 
500 |a Traducción de: McGraw-Hill Dictionary of Mechanical and Design Engineering 
520 |a Diccionario de términos científicos de ingenierías mecánica y de diseño en dos volúmenes. Disponible en la biblioteca el volumen 2. Incluye dos partes, en la primera ofrece definiciones alfabetizadas con entradas en español, su equivalencia al inglés, el campo temático y la definición. La segunda parte es un diccionario simple inglés-español. 
649 |a XX 
650 |a Ingeniería Mecánica -  |x Enciclopedias y Diccionarios -  |x Tema Principal 
650 |a Inglés-Español -  |x Enciclopedias y Diccionarios -  |x Tema Principal 
650 |a Enciclopedias y Diccionarios 
910 |a Fondo General 
920 |a Impresos - Libros 
930 |a Obras de Referencia 
905 |a 102 
901 |a 0500178162  |b IT2  |c REF  |u 20250521 
902 |a https://opac.biblio.iteso.mx/vufind/Record/000291908